000 00693nam a2200289Ia 4500
005 20260324142926.0
008 008 260324s9999 xx 000 0 eng d
020 _a9781315871424
037 _aEBOOK
040 _aCRL
040 _beng
040 _cCRL
041 _2eng
041 _aeng
084 _qCRL
100 _aThomas Lee
_9973494
245 0 _aCash Flow Reporting (RLE Accounting)
245 2 _bA Recent History of an Accounting Practice
260 _bTaylor and Francis
260 _c1993
365 _a
365 _b290
856 _uhttp://www.taylorfrancis.com/books/9781315871424
942 _cEBOOK
999 _c1818523
_d1818523